000 00224nam a22000977a 4500
082 _a823
_bSHA/W
100 _aSHARMA,ASHOK KUMAR
245 _aWORLD-FAMOUS GHOST
246 _aSHARMA,ASHOK KUMAR
_bSHARMA,ASHOK KUMAR
942 _cBK
999 _c8164
_d8164